[Event "European Women's Chess Club Cup 2023"]
[Site "Durres, Albania"]
[Date "2023.10.03"]
[Round "3.12"]
[White "Aydin, Gulenay"]
[Black "Paehtz, Elisabeth"]
[Result "1/2-1/2"]
[TimeControl "90' + 30' & 30\""]
[WhiteElo "2143"]
[BlackElo "2484"]

1. e4 {[%clk 01:31:00]} {[%emt 03:45:58]} c5 {[%clk 01:30:57]} {[%emt
00:00:05]} 2. Nf3 {[%clk 01:31:15]} {[%emt 00:00:15]} d6 {[%clk 01:31:24]}
{[%emt 00:00:03]} 3. d4 {[%clk 01:31:40]} {[%emt 00:00:05]} cxd4 {[%clk
01:31:50]} {[%emt 00:00:04]} 4. Nxd4 {[%clk 01:32:05]} {[%emt 00:00:04]} Nf6
{[%clk 01:32:17]} {[%emt 00:00:04]} 5. Nc3 {[%clk 01:32:29]} {[%emt 00:00:06]}
a6 {[%clk 01:32:44]} {[%emt 00:00:03]} 6. a3 {[%clk 01:32:25]} {[%emt
00:00:33]} e5 {[%clk 01:33:04]} {[%emt 00:00:10]} 7. Nf5 {[%clk 01:32:39]}
{[%emt 00:00:16]} d5 {[%clk 01:23:51]} {[%emt 00:09:44]} 8. Bg5 {[%clk
01:32:37]} {[%emt 00:00:31]} d4 {[%clk 01:24:14]} {[%emt 00:00:07]} 9. Bxf6
{[%clk 01:32:41]} {[%emt 00:00:26]} Qxf6 {[%clk 01:21:17]} {[%emt 00:03:27]} 10.
Nd5 {[%clk 01:32:53]} {[%emt 00:00:18]} Qd8 {[%clk 01:21:45]} {[%emt 00:00:03]}
11. Qg4 {[%clk 01:29:15]} {[%emt 00:04:08]} g6 {[%clk 01:16:18]} {[%emt
00:05:57]} 12. Qg3 {[%clk 01:29:10]} {[%emt 00:00:35]} Bd6 {[%clk 01:11:39]}
{[%emt 00:05:09]} 13. Nxd6+ {[%clk 01:25:15]} {[%emt 00:04:25]} Qxd6 {[%clk
01:12:05]} {[%emt 00:00:03]} 14. Nb6 {[%clk 01:20:08]} {[%emt 00:05:38]} O-O
{[%clk 01:05:43]} {[%emt 00:06:52]} 15. Nxa8 {[%clk 01:19:58]} {[%emt
00:00:40]} Be6 {[%clk 01:06:11]} {[%emt 00:00:02]} 16. Bd3 {[%clk 01:07:57]}
{[%emt 00:12:31]} Nd7 {[%clk 01:06:35]} {[%emt 00:00:05]} 17. O-O {[%clk
01:06:41]} {[%emt 00:01:46]} Rxa8 {[%clk 01:06:50]} {[%emt 00:00:16]} 18. Rad1
{[%clk 00:58:33]} {[%emt 00:08:38]} Rc8 {[%clk 01:07:01]} {[%emt 00:00:18]} 19.
h3 {[%clk 00:55:17]} {[%emt 00:03:46]} Qb6 {[%clk 01:04:24]} {[%emt 00:03:07]}
20. b3 {[%clk 00:52:41]} {[%emt 00:03:07]} Rc3 {[%clk 01:01:57]} {[%emt
00:02:56]} 21. f4 {[%clk 00:44:17]} {[%emt 00:08:54]} exf4 {[%clk 01:02:20]}
{[%emt 00:00:07]} 22. Qxf4 {[%clk 00:44:39]} {[%emt 00:00:09]} Qc5 {[%clk
01:02:43]} {[%emt 00:00:06]} 23. a4 {[%clk 00:44:43]} {[%emt 00:00:26]} Qe5
{[%clk 01:00:13]} {[%emt 00:03:00]} 24. Qd2 {[%clk 00:33:26]} {[%emt 00:11:48]}
Qc5 {[%clk 00:58:26]} {[%emt 00:02:16]} 25. Qf4 {[%clk 00:16:53]} {[%emt
00:17:03]} Qe5 {[%clk 00:46:45]} {[%emt 00:12:11]} 26. Qd2 {[%clk 00:17:13]}
{[%emt 00:00:09]} Qc5 {[%clk 00:47:13]} {[%emt 00:00:03]} 27. Qf4 {[%clk
00:05:51]} {[%emt 00:11:53]} Qe5 1/2-1/2

[Event "European Women's Chess Club Cup 2023"]
[Site "Durres, Albania"]
[Date "2023.10.03"]
[Round "3.13"]
[White "Ushenina, Anna"]
[Black "Van Foreest, Machteld"]
[Result "1-0"]
[TimeControl "90' + 30' & 30\""]
[WhiteElo "2434"]
[BlackElo "2266"]

1. d4 {[%clk 01:30:52]} {[%emt 00:00:07]} d5 {[%clk 01:30:47]} {[%emt
00:00:14]} 2. c4 {[%clk 01:31:00]} {[%emt 00:00:22]} e6 {[%clk 01:31:04]}
{[%emt 00:00:14]} 3. Nc3 {[%clk 01:30:52]} {[%emt 00:00:37]} Nf6 {[%clk
01:31:28]} {[%emt 00:00:06]} 4. Nf3 {[%clk 01:30:43]} {[%emt 00:00:40]} Be7
{[%clk 01:31:51]} {[%emt 00:00:06]} 5. Bf4 {[%clk 01:31:03]} {[%emt 00:00:09]}
O-O {[%clk 01:32:11]} {[%emt 00:00:12]} 6. e3 {[%clk 01:31:15]} {[%emt
00:00:18]} Nbd7 {[%clk 01:32:20]} {[%emt 00:00:22]} 7. Qc2 {[%clk 01:30:45]}
{[%emt 00:01:00]} c6 {[%clk 01:18:24]} {[%emt 00:14:26]} 8. cxd5 {[%clk
01:14:08]} {[%emt 00:17:07]} exd5 {[%clk 01:15:40]} {[%emt 00:03:14]} 9. Bd3
{[%clk 01:14:22]} {[%emt 00:00:16]} Re8 {[%clk 01:14:16]} {[%emt 00:01:54]} 10.
h3 {[%clk 01:04:16]} {[%emt 00:10:36]} Nf8 {[%clk 01:07:35]} {[%emt 00:07:11]}
11. O-O {[%clk 00:59:32]} {[%emt 00:05:13]} Ne6 {[%clk 01:04:58]} {[%emt
00:03:07]} 12. Bh2 {[%clk 00:56:54]} {[%emt 00:03:08]} Bd6 {[%clk 00:59:06]}
{[%emt 00:06:22]} 13. Bxd6 {[%clk 00:48:11]} {[%emt 00:09:14]} Qxd6 {[%clk
00:59:31]} {[%emt 00:00:05]} 14. Rab1 {[%clk 00:48:17]} {[%emt 00:00:24]} h6
{[%clk 00:51:19]} {[%emt 00:08:42]} 15. b4 {[%clk 00:45:15]} {[%emt 00:03:32]}
Ng5 {[%clk 00:46:30]} {[%emt 00:05:19]} 16. Ne5 {[%clk 00:31:41]} {[%emt
00:14:04]} Qe7 {[%clk 00:13:25]} {[%emt 00:33:36]} 17. Rfc1 {[%clk 00:15:54]}
{[%emt 00:16:17]} Nfe4 {[%clk 00:11:58]} {[%emt 00:01:56]} 18. Nxe4 {[%clk
00:07:50]} {[%emt 00:08:34]} dxe4 {[%clk 00:12:16]} {[%emt 00:00:11]} 19. Bc4
{[%clk 00:07:12]} {[%emt 00:01:09]} Nxh3+ {[%clk 00:02:37]} {[%emt 00:10:09]}
20. gxh3 {[%clk 00:07:02]} {[%emt 00:00:41]} Qg5+ {[%clk 00:03:05]} 21. Kh2
{[%clk 00:00:56]} {[%emt 00:06:36]} Rxe5 {[%clk 00:02:37]} {[%emt 00:00:58]} 22.
dxe5 {[%clk 00:01:12]} {[%emt 00:00:15]} Bxh3 {[%clk 00:01:03]} {[%emt
00:02:03]} 23. Kxh3 {[%clk 00:01:18]} {[%emt 00:00:24]} Qh5+ {[%clk 00:01:18]}
{[%emt 00:00:15]} 24. Kg2 {[%clk 00:01:36]} {[%emt 00:00:13]} Qf3+ {[%clk
00:01:39]} {[%emt 00:00:09]} 25. Kf1 {[%clk 00:01:43]} {[%emt 00:00:23]} b5
{[%clk 00:01:17]} {[%emt 00:00:52]} 26. Ke1 {[%clk 00:00:51]} {[%emt 00:01:22]}
bxc4 {[%clk 00:01:16]} {[%emt 00:00:31]} 27. Qe2 {[%clk 00:00:43]} {[%emt
00:00:38]} Qh3 {[%clk 00:01:26]} {[%emt 00:00:20]} 28. Rxc4 {[%clk 00:00:55]}
{[%emt 00:00:18]} Rd8 {[%clk 00:01:52]} {[%emt 00:00:05]} 29. Rcc1 {[%clk
00:00:44]} {[%emt 00:00:40]} Rd3 {[%clk 00:01:34]} {[%emt 00:00:47]} 30. Rd1
{[%clk 00:01:02]} {[%emt 00:00:13]} Ra3 {[%clk 00:02:02]} {[%emt 00:00:02]} 31.
Rb2 {[%clk 00:01:13]} {[%emt 00:00:19]} Qh1+ {[%clk 00:01:56]} {[%emt
00:00:35]} 32. Qf1 {[%clk 00:01:36]} {[%emt 00:00:07]} Qh4 {[%clk 00:02:24]}
{[%emt 00:00:03]} 33. Kd2 {[%clk 00:01:42]} {[%emt 00:00:24]} Qe7 {[%clk
00:02:12]} {[%emt 00:00:41]} 34. Kc1 {[%clk 00:01:45]} {[%emt 00:00:27]} Qxe5
{[%clk 00:02:35]} {[%emt 00:00:08]} 35. Kb1 {[%clk 00:01:54]} {[%emt 00:00:22]}
1-0

[Event "European Women's Chess Club Cup 2023"]
[Site "Durres, Albania"]
[Date "2023.10.03"]
[Round "3.14"]
[White "Muetsch, Annmarie"]
[Black "Javakhishvili, Lela"]
[Result "1/2-1/2"]
[TimeControl "90' + 30' & 30\""]
[WhiteElo "2262"]
[BlackElo "2437"]

1. d4 {[%clk 01:30:53]} {[%emt 00:00:06]} Nf6 {[%clk 01:30:38]} {[%emt
00:00:22]} 2. Bg5 {[%clk 01:31:00]} {[%emt 00:00:24]} e6 {[%clk 01:30:41]}
{[%emt 00:00:26]} 3. e4 {[%clk 01:31:12]} {[%emt 00:00:17]} h6 {[%clk
01:31:05]} {[%emt 00:00:07]} 4. Bxf6 {[%clk 01:31:37]} {[%emt 00:00:05]} Qxf6
{[%clk 01:31:32]} {[%emt 00:00:03]} 5. c3 {[%clk 01:31:55]} {[%emt 00:00:13]}
d6 {[%clk 01:31:01]} {[%emt 00:01:00]} 6. Bc4 {[%clk 01:31:55]} {[%emt
00:00:30]} Qg6 {[%clk 01:31:09]} {[%emt 00:00:22]} 7. Qf3 {[%clk 01:31:43]}
{[%emt 00:00:42]} Nd7 {[%clk 01:31:12]} {[%emt 00:00:27]} 8. Nd2 {[%clk
01:30:27]} {[%emt 00:01:46]} Be7 {[%clk 01:29:49]} {[%emt 00:01:53]} 9. Ne2
{[%clk 01:29:16]} {[%emt 00:01:41]} Nb6 {[%clk 01:27:49]} {[%emt 00:02:30]} 10.
Bb3 {[%clk 01:25:49]} {[%emt 00:03:57]} Bd7 {[%clk 01:26:00]} {[%emt 00:02:19]}
11. O-O {[%clk 01:23:16]} {[%emt 00:03:04]} h5 {[%clk 01:13:37]} {[%emt
00:12:54]} 12. Qe3 {[%clk 01:14:29]} {[%emt 00:09:17]} Qh6 {[%clk 01:10:49]}
{[%emt 00:03:18]} 13. f4 {[%clk 01:12:49]} {[%emt 00:02:10]} g5 {[%clk
01:10:31]} {[%emt 00:00:49]} 14. e5 {[%clk 01:05:27]} {[%emt 00:07:51]} gxf4
{[%clk 00:58:28]} {[%emt 00:12:33]} 15. Nxf4 {[%clk 01:05:14]} {[%emt
00:00:43]} Bc6 {[%clk 00:56:38]} {[%emt 00:02:20]} 16. exd6 {[%clk 00:48:16]}
{[%emt 00:17:29]} cxd6 {[%clk 00:56:05]} {[%emt 00:01:02]} 17. Nc4 {[%clk
00:45:49]} {[%emt 00:02:58]} Nd5 {[%clk 00:48:54]} {[%emt 00:07:41]} 18. Nxd6+
{[%clk 00:39:32]} {[%emt 00:06:47]} Bxd6 {[%clk 00:48:48]} {[%emt 00:00:37]} 19.
Bxd5 {[%clk 00:39:55]} {[%emt 00:00:07]} Bxd5 {[%clk 00:40:36]} {[%emt
00:08:42]} 20. Nxd5 {[%clk 00:40:18]} {[%emt 00:00:07]} O-O-O {[%clk 00:40:13]}
{[%emt 00:00:52]} 21. Qxh6 {[%clk 00:39:05]} {[%emt 00:01:43]} Rxh6 {[%clk
00:40:41]} {[%emt 00:00:02]} 22. Ne3 {[%clk 00:37:41]} {[%emt 00:01:54]} f6
{[%clk 00:39:52]} {[%emt 00:01:19]} 23. a4 {[%clk 00:35:38]} {[%emt 00:02:33]}
Rg6 {[%clk 00:39:15]} {[%emt 00:01:08]} 24. Rae1 {[%clk 00:33:41]} {[%emt
00:02:27]} Kd7 {[%clk 00:37:15]} {[%emt 00:02:30]} 25. Nc4 {[%clk 00:29:02]}
{[%emt 00:05:09]} Bc7 {[%clk 00:33:27]} {[%emt 00:04:18]} 26. Rf3 {[%clk
00:28:42]} {[%emt 00:00:49]} Rc8 {[%clk 00:31:22]} {[%emt 00:02:36]} 27. Ne3
{[%clk 00:28:32]} {[%emt 00:00:40]} a6 {[%clk 00:29:28]} {[%emt 00:02:24]} 28.
Ref1 {[%clk 00:25:28]} {[%emt 00:03:34]} Ke7 {[%clk 00:27:34]} {[%emt
00:02:24]} 29. g3 {[%clk 00:22:54]} {[%emt 00:03:05]} b5 {[%clk 00:24:41]}
{[%emt 00:03:23]} 30. axb5 {[%clk 00:22:53]} {[%emt 00:00:31]} axb5 {[%clk
00:25:08]} {[%emt 00:00:03]} 31. d5 {[%clk 00:19:30]} {[%emt 00:03:54]} h4
{[%clk 00:19:35]} {[%emt 00:06:02]} 32. dxe6 {[%clk 00:19:06]} {[%emt
00:00:53]} hxg3 {[%clk 00:19:30]} {[%emt 00:00:36]} 33. Nf5+ {[%clk 00:10:29]}
{[%emt 00:09:08]} Kxe6 {[%clk 00:19:53]} {[%emt 00:00:07]} 34. hxg3 {[%clk
00:08:59]} {[%emt 00:01:59]} Be5 {[%clk 00:18:27]} {[%emt 00:01:55]} 35. Ra1
{[%clk 00:07:37]} {[%emt 00:01:53]} Rd8 {[%clk 00:13:29]} {[%emt 00:05:27]} 36.
Ra6+ {[%clk 00:05:23]} {[%emt 00:02:44]} Kf7 {[%clk 00:13:57]} {[%emt
00:00:03]} 37. Ra7+ {[%clk 00:05:35]} {[%emt 00:00:18]} Kf8 {[%clk 00:14:21]}
{[%emt 00:00:06]} 38. Rb7 {[%clk 00:03:24]} {[%emt 00:02:41]} Rd1+ {[%clk
00:14:23]} {[%emt 00:00:29]} 39. Kg2 {[%clk 00:03:40]} {[%emt 00:00:14]} Rd2+
{[%clk 00:13:25]} {[%emt 00:01:27]} 40. Rf2 {[%clk 00:03:53]} {[%emt 00:00:17]}
Rxf2+ {[%clk 00:12:28]} {[%emt 00:01:28]} 41. Kxf2 {[%clk 00:04:18]} {[%emt
00:00:05]} Rg5 {[%clk 00:12:37]} {[%emt 00:00:20]} 42. Nd4 {[%clk 00:02:51]}
{[%emt 00:01:56]} Rxg3 {[%clk 00:09:50]} {[%emt 00:03:19]} 43. Nxb5 {[%clk
00:30:14]} {[%emt 00:03:07]} Rh3 {[%clk 00:39:44]} {[%emt 00:00:36]} 44. Na7
{[%clk 00:24:42]} {[%emt 00:06:00]} Bxc3 {[%clk 00:37:41]} {[%emt 00:02:34]} 45.
bxc3 {[%clk 00:25:04]} {[%emt 00:00:08]} Rxc3 {[%clk 00:38:09]} {[%emt
00:00:02]} 46. Rd7 {[%clk 00:23:47]} {[%emt 00:01:47]} Ke8 {[%clk 00:37:41]}
{[%emt 00:00:58]} 47. Rh7 {[%clk 00:24:06]} {[%emt 00:00:11]} Rc5 {[%clk
00:37:36]} {[%emt 00:00:35]} 48. Kf3 {[%clk 00:24:05]} {[%emt 00:00:30]} Kf8
{[%clk 00:37:37]} {[%emt 00:00:30]} 49. Kf4 {[%clk 00:24:13]} {[%emt 00:00:23]}
Rc1 {[%clk 00:37:49]} {[%emt 00:00:17]} 50. Nb5 {[%clk 00:23:50]} {[%emt
00:00:52]} Rf1+ {[%clk 00:38:08]} {[%emt 00:00:12]} 51. Ke4 {[%clk 00:24:06]}
{[%emt 00:00:14]} Re1+ {[%clk 00:38:30]} {[%emt 00:00:09]} 52. Kd4 {[%clk
00:23:15]} {[%emt 00:01:20]} Rd1+ {[%clk 00:38:52]} {[%emt 00:00:08]} 53. Kc5
{[%clk 00:23:26]} {[%emt 00:00:19]} f5 {[%clk 00:39:11]} {[%emt 00:00:10]} 54.
Nd4 {[%clk 00:22:27]} {[%emt 00:01:30]} f4 {[%clk 00:39:30]} {[%emt 00:00:12]}
55. Rh4 {[%clk 00:21:41]} {[%emt 00:01:15]} f3 {[%clk 00:39:39]} {[%emt
00:00:21]} 56. Rf4+ {[%clk 00:21:56]} {[%emt 00:00:15]} Ke7 {[%clk 00:39:33]}
{[%emt 00:00:35]} 57. Rxf3 {[%clk 00:22:13]} {[%emt 00:00:14]} Ra1 {[%clk
00:39:35]} {[%emt 00:00:28]} 58. Kd5 {[%clk 00:21:51]} {[%emt 00:00:53]} Ra5+
{[%clk 00:39:46]} {[%emt 00:00:18]} 59. Ke4 {[%clk 00:22:13]} {[%emt 00:00:08]}
Ra1 {[%clk 00:40:05]} {[%emt 00:00:11]} 60. Rb3 {[%clk 00:20:59]} {[%emt
00:01:44]} Re1+ {[%clk 00:40:22]} {[%emt 00:00:13]} 61. Kd5 {[%clk 00:21:19]}
{[%emt 00:00:10]} Rd1 {[%clk 00:40:36]} {[%emt 00:00:16]} 62. Rb6 {[%clk
00:21:23]} {[%emt 00:00:26]} Kf7 {[%clk 00:40:44]} {[%emt 00:00:22]} 63. Ke5
{[%clk 00:19:13]} {[%emt 00:02:40]} Re1+ {[%clk 00:41:00]} {[%emt 00:00:14]} 64.
Kf4 {[%clk 00:19:36]} {[%emt 00:00:08]} Rf1+ {[%clk 00:41:22]} {[%emt
00:00:08]} 65. Nf3 {[%clk 00:20:01]} {[%emt 00:00:06]} Ke7 {[%clk 00:41:20]}
{[%emt 00:00:31]} 66. Ke4 {[%clk 00:20:04]} {[%emt 00:00:28]} Rd1 {[%clk
00:39:59]} {[%emt 00:01:51]} 67. Ke5 {[%clk 00:20:05]} {[%emt 00:00:28]} Kd7
{[%clk 00:40:12]} {[%emt 00:00:16]} 68. Rh6 {[%clk 00:19:53]} {[%emt 00:00:43]}
Kc7 {[%clk 00:40:25]} {[%emt 00:00:17]} 69. Nd4 {[%clk 00:20:02]} {[%emt
00:00:20]} Rg1 {[%clk 00:40:25]} {[%emt 00:00:30]} 70. Rf6 {[%clk 00:19:53]}
{[%emt 00:00:39]} Rh1 {[%clk 00:40:24]} {[%emt 00:00:32]} 71. Kd5 {[%clk
00:19:55]} {[%emt 00:00:28]} Rh5+ {[%clk 00:40:03]} {[%emt 00:00:50]} 72. Nf5
{[%clk 00:20:10]} {[%emt 00:00:15]} Rh1 {[%clk 00:40:27]} {[%emt 00:00:07]} 73.
Ne3 {[%clk 00:19:44]} {[%emt 00:00:56]} Rh5+ {[%clk 00:40:12]} {[%emt
00:00:45]} 74. Kd4 {[%clk 00:18:48]} {[%emt 00:01:26]} Rh1 {[%clk 00:40:16]}
{[%emt 00:00:26]} 75. Kc5 {[%clk 00:18:17]} {[%emt 00:01:01]} Kd7 {[%clk
00:39:34]} {[%emt 00:01:12]} 76. Nf5 {[%clk 00:15:51]} {[%emt 00:02:56]} Rc1+
{[%clk 00:39:28]} {[%emt 00:00:36]} 77. Kd5 {[%clk 00:16:10]} {[%emt 00:00:11]}
Rd1+ {[%clk 00:39:44]} {[%emt 00:00:14]} 78. Nd4 {[%clk 00:16:30]} {[%emt
00:00:10]} Ke7 {[%clk 00:39:27]} {[%emt 00:00:46]} 79. Rf3 {[%clk 00:16:01]}
{[%emt 00:01:00]} Rd2 {[%clk 00:38:55]} {[%emt 00:01:02]} 80. Ke5 {[%clk
00:16:16]} {[%emt 00:00:15]} Rd1 {[%clk 00:39:06]} {[%emt 00:00:19]} 81. Rf2
{[%clk 00:14:32]} {[%emt 00:02:14]} Re1+ {[%clk 00:39:11]} {[%emt 00:00:24]} 82.
Kd5 {[%clk 00:14:52]} {[%emt 00:00:10]} Rd1 {[%clk 00:39:26]} {[%emt 00:00:16]}
83. Rf3 {[%clk 00:13:19]} {[%emt 00:02:02]} Rd2 {[%clk 00:39:39]} {[%emt
00:00:17]} 84. Re3+ {[%clk 00:12:14]} {[%emt 00:01:36]} Kf6 {[%clk 00:39:13]}
{[%emt 00:00:56]} 85. Re6+ {[%clk 00:12:38]} {[%emt 00:00:07]} Kf7 {[%clk
00:39:30]} {[%emt 00:00:13]} 86. Ra6 {[%clk 00:12:52]} {[%emt 00:00:16]} Rd1
{[%clk 00:39:29]} {[%emt 00:00:31]} 87. Ke4 {[%clk 00:12:39]} {[%emt 00:00:43]}
Re1+ {[%clk 00:39:47]} {[%emt 00:00:12]} 88. Kf4 {[%clk 00:13:04]} {[%emt
00:00:04]} Rf1+ {[%clk 00:40:09]} {[%emt 00:00:08]} 89. Nf3 {[%clk 00:13:30]}
{[%emt 00:00:03]} Ke7 {[%clk 00:40:33]} {[%emt 00:00:07]} 90. Ke4 {[%clk
00:13:42]} {[%emt 00:00:18]} Rh1 {[%clk 00:40:20]} {[%emt 00:00:43]} 91. Rc6
{[%clk 00:13:13]} {[%emt 00:00:58]} Ra1 {[%clk 00:39:53]} {[%emt 00:00:58]} 92.
Rg6 {[%clk 00:13:05]} {[%emt 00:00:37]} Rf1 {[%clk 00:39:53]} {[%emt 00:00:31]}
93. Rg1 {[%clk 00:13:10]} {[%emt 00:00:26]} Rxg1 {[%clk 00:40:17]} {[%emt
00:00:06]} 94. Nxg1 {[%clk 00:13:38]} {[%emt 00:00:02]} 1/2-1/2

[Event "European Women's Chess Club Cup 2023"]
[Site "Durres, Albania"]
[Date "2023.10.03"]
[Round "3.15"]
[White "Daulyte-Cornette, Deimante"]
[Black "Jarocka, Liwia"]
[Result "1/2-1/2"]
[TimeControl "90' + 30' & 30\""]
[WhiteElo "2360"]
[BlackElo "2208"]

1. e4 {[%clk 01:30:57]} {[%emt 00:00:02]} c5 {[%clk 01:30:53]} {[%emt
00:00:07]} 2. Nf3 {[%clk 01:31:15]} {[%emt 00:00:12]} d6 {[%clk 01:31:15]}
{[%emt 00:00:09]} 3. Bb5+ {[%clk 01:31:25]} {[%emt 00:00:19]} Bd7 {[%clk
01:31:09]} {[%emt 00:00:36]} 4. Bxd7+ {[%clk 01:31:46]} {[%emt 00:00:09]} Nxd7
{[%clk 01:31:06]} {[%emt 00:00:33]} 5. c3 {[%clk 01:31:20]} {[%emt 00:00:56]}
Ngf6 {[%clk 01:31:00]} {[%emt 00:00:36]} 6. Qe2 {[%clk 01:31:29]} {[%emt
00:00:21]} e6 {[%clk 01:31:09]} {[%emt 00:00:21]} 7. d4 {[%clk 01:31:14]}
{[%emt 00:00:45]} Be7 {[%clk 01:30:59]} {[%emt 00:00:39]} 8. e5 {[%clk
01:28:32]} {[%emt 00:03:13]} dxe5 {[%clk 01:30:34]} {[%emt 00:00:56]} 9. dxe5
{[%clk 01:28:42]} {[%emt 00:00:19]} Nd5 {[%clk 01:30:51]} {[%emt 00:00:12]} 10.
c4 {[%clk 01:24:13]} {[%emt 00:04:59]} Nb4 {[%clk 01:30:26]} {[%emt 00:00:55]}
11. O-O {[%clk 01:23:47]} {[%emt 00:00:56]} O-O {[%clk 01:28:20]} {[%emt
00:02:37]} 12. Nc3 {[%clk 01:23:13]} {[%emt 00:01:03]} Qc7 {[%clk 01:20:36]}
{[%emt 00:08:14]} 13. Bf4 {[%clk 01:19:29]} {[%emt 00:04:14]} Rfd8 {[%clk
01:20:04]} {[%emt 00:01:02]} 14. Rad1 {[%clk 01:06:43]} {[%emt 00:13:16]} a6
{[%clk 01:14:53]} {[%emt 00:05:42]} 15. h4 {[%clk 01:02:41]} {[%emt 00:04:32]}
Nf8 {[%clk 01:14:54]} {[%emt 00:00:29]} 16. a3 {[%clk 00:56:10]} {[%emt
00:07:01]} Nc6 {[%clk 01:15:14]} {[%emt 00:00:09]} 17. h5 {[%clk 00:56:16]}
{[%emt 00:00:24]} Rxd1 {[%clk 01:10:14]} {[%emt 00:05:30]} 18. Rxd1 {[%clk
00:56:19]} {[%emt 00:00:26]} Rd8 {[%clk 01:10:16]} {[%emt 00:00:29]} 19. Rxd8
{[%clk 00:43:05]} {[%emt 00:13:44]} Qxd8 {[%clk 01:08:08]} {[%emt 00:02:39]} 20.
Ne4 {[%clk 00:40:38]} {[%emt 00:02:56]} Nd4 {[%clk 01:01:26]} {[%emt 00:07:12]}
21. Nxd4 {[%clk 00:38:16]} {[%emt 00:02:52]} Qxd4 {[%clk 01:00:54]} {[%emt
00:01:02]} 22. Bg5 {[%clk 00:32:15]} {[%emt 00:06:32]} Bxg5 {[%clk 00:59:07]}
{[%emt 00:02:17]} 23. Nxg5 {[%clk 00:32:39]} {[%emt 00:00:05]} h6 {[%clk
00:56:19]} {[%emt 00:03:18]} 24. Nf3 {[%clk 00:33:02]} {[%emt 00:00:07]} Qg4
{[%clk 00:55:50]} {[%emt 00:00:59]} 25. Qd3 {[%clk 00:28:07]} {[%emt 00:05:26]}
Qxh5 {[%clk 00:53:01]} {[%emt 00:03:19]} 26. Qe4 {[%clk 00:24:21]} {[%emt
00:04:15]} Qg6 {[%clk 00:46:23]} {[%emt 00:07:06]} 27. Qxb7 {[%clk 00:23:12]}
{[%emt 00:01:41]} Qc2 {[%clk 00:45:35]} {[%emt 00:01:18]} 28. b4 {[%clk
00:14:14]} {[%emt 00:09:29]} Qc1+ {[%clk 00:43:44]} {[%emt 00:02:21]} 29. Kh2
{[%clk 00:14:31]} {[%emt 00:00:12]} Qf4+ {[%clk 00:43:38]} {[%emt 00:00:37]} 30.
Kg1 {[%clk 00:09:40]} {[%emt 00:05:21]} Qc1+ {[%clk 00:43:41]} {[%emt
00:00:27]} 31. Kh2 {[%clk 00:10:04]} {[%emt 00:00:06]} Qf4+ {[%clk 00:44:06]}
{[%emt 00:00:04]} 32. Kg1 {[%clk 00:09:31]} {[%emt 00:01:03]} Qc1+ {[%clk
00:42:00]} {[%emt 00:02:36]} 1/2-1/2